| Tag |
First Indicator |
Second Indicator |
Subfields |
| LEADER |
00000pam a2200000 i 4500 |
| 001 |
in00000730921 |
| 005 |
20151016070103.0 |
| 008 |
781121s1979 nyua j b 00010 eng |
| 010 |
|
|
|a 78021266
|
| 020 |
|
|
|a 0823904881
|
| 035 |
|
|
|a (OCoLC)04494778
|
| 035 |
|
|
|9 ADE2298AM
|
| 040 |
|
|
|a DLC
|c DLC
|d TXA
|d UtOrBLW
|
| 049 |
|
|
|a [Curr Col] TXAM
|c [1383075]
|
| 050 |
0 |
0 |
|a PN4784.I6
|b P7 1979
|
| 082 |
0 |
|
|a 070.4/3
|
| 100 |
1 |
|
|a Presson, Hazel.
|
| 245 |
1 |
4 |
|a The student journalist and interviewing /
|c by Hazel Presson.
|
| 250 |
|
|
|a Rev. ed.
|
| 264 |
|
1 |
|a New York :
|b R. Rosen Press,
|c 1979.
|
| 300 |
|
|
|a 185 pages :
|b illustrations ;
|c 22 cm.
|
| 336 |
|
|
|a text
|b txt
|2 rdacontent
|
| 337 |
|
|
|a unmediated
|b n
|2 rdamedia
|
| 338 |
|
|
|a volume
|b nc
|2 rdacarrier
|
| 490 |
1 |
|
|a The Student journalist guide series
|
| 504 |
|
|
|a Bibliography: pages 180-183.
|
| 520 |
|
|
|a Offers advice on how to prepare for and conduct an interview and how to turn the raw material into a story.
|
| 650 |
|
0 |
|a Interviewing in journalism.
|
| 650 |
|
0 |
|a Journalism, School.
|
| 650 |
|
1 |
|a Interviewing in journalism.
|
| 650 |
|
1 |
|a Journalism.
|
| 740 |
0 |
|
|a Interviewing.
|
| 830 |
|
0 |
|a Student journalist guide series.
|
| 999 |
|
|
|a MARS
|
| 999 |
f |
f |
|s 55bacdd3-3829-3ed4-8d21-8eaa8ba399b0
|i 8f059e80-dd5f-3c03-9832-7ae09481cecf
|t 0
|
| 952 |
f |
f |
|p ric
|a Texas A&M University
|b Rellis Campus
|c Joint Library Facility
|d Remote Storage
|t 0
|e PN4784.I6 P7 1979
|h Library of Congress classification
|i unmediated -- volume
|m A14800239135
|
| 998 |
f |
f |
|a PN4784.I6 P7 1979
|t 0
|l Remote Storage
|